000 00483nam a2200193Ia 4500
005 20240823020317.0
008 240823s9999||||xx |||||||||||||| ||und||
020 _a81-312-0001-9
041 _aENGLISH
082 _A660.6 P5
100 _a"Doran,Pauline M"
245 0 _aBioprocess Engineering Principles
250 _a1st
260 _c2005
_b"Academic Press,Calif"
_aCalifornia
500 _aTRANSFERED
650 _aBioprocess
_bChemistry
942 _cBK
999 _c174456
_d174456